000 00364nam a22001337a 4500
003 SGT
020 _a97881237661190
082 _a920
_bP11K
100 _aदुबे, अभय कुमार
245 _aबाल ठाकरे :आज के नेता
260 _b राजकमल प्रकाशन
_c1997
300 _a135
942 _2ddc
_cBK
999 _c31967
_d31967